The electric state / directed by Anthony Russo, Joe Russo ; written by Christopher Markus, Stephen McFeely, Simon Stalenhag ; produced by Russell Ackerman, Chris Castaldi, Mike Larocca, Patrick Newall, Anthony Russo, Joe Russo. (Record no. 20980)

000 -LEADER
fixed length control field 01343nam a22003377a 4500
008 - FIXED-LENGTH DATA ELEMENTS--GENERAL INFORMATION
fixed length control field 250529b xxu||||| |||| 00| 0 eng d
040 ## - CATALOGING SOURCE
Transcribing agency Cagayan State University
082 ## - DEWEY DECIMAL CLASSIFICATION NUMBER
Classification number 791.4372
Item number E382 2025
245 ## - TITLE STATEMENT
Title The electric state / directed by Anthony Russo, Joe Russo ; written by Christopher Markus, Stephen McFeely, Simon Stalenhag ; produced by Russell Ackerman, Chris Castaldi, Mike Larocca, Patrick Newall, Anthony Russo, Joe Russo.
260 ## - PUBLICATION, DISTRIBUTION, ETC. (IMPRINT)
Place of publication, distribution, etc United States :
Name of publisher, distributor, etc Netflix,
Date of publication, distribution, etc 2025.
300 ## - PHYSICAL DESCRIPTION
Extent 1 videofile, (ca. 129 min.) :
Other physical details sound, color.
520 ## - SUMMARY, ETC.
Summary, etc An orphaned teen hits the road with a mysterious robot to find her long-lost brother, teaming up with a smuggler and his wisecracking sidekick.
546 ## - LANGUAGE NOTE
Language note In English subtitle.
650 ## - SUBJECT ADDED ENTRY--TOPICAL TERM
Topical term or geographic name as entry element Action.
650 ## - SUBJECT ADDED ENTRY--TOPICAL TERM
Topical term or geographic name as entry element Adventure.
650 ## - SUBJECT ADDED ENTRY--TOPICAL TERM
Topical term or geographic name as entry element Comedy.
650 ## - SUBJECT ADDED ENTRY--TOPICAL TERM
Topical term or geographic name as entry element Drama.
700 ## - ADDED ENTRY--PERSONAL NAME
Personal name Brown, Millie Bobby, star.
700 ## - ADDED ENTRY--PERSONAL NAME
Personal name Pratt, Chris, star.
700 ## - ADDED ENTRY--PERSONAL NAME
Personal name Quan, Ke Huy, star.
700 ## - ADDED ENTRY--PERSONAL NAME
Personal name Alexander, Jason, star.
700 ## - ADDED ENTRY--PERSONAL NAME
Personal name Harrelson, Woody, star.
700 ## - ADDED ENTRY--PERSONAL NAME
Personal name Mackie, Anthony, star.
700 ## - ADDED ENTRY--PERSONAL NAME
Personal name Cox, Brian, star.
700 ## - ADDED ENTRY--PERSONAL NAME
Personal name Slate, Jenny, star.
700 ## - ADDED ENTRY--PERSONAL NAME
Personal name Esposito, Giancarlo , star.
700 ## - ADDED ENTRY--PERSONAL NAME
Personal name Tucci, Stanley, star.
700 ## - ADDED ENTRY--PERSONAL NAME
Personal name Windon, Stephen F., cinematographer.
700 ## - ADDED ENTRY--PERSONAL NAME
Personal name Jeffrey, Ford, editor.
942 ## - ADDED ENTRY ELEMENTS (KOHA)
Source of classification or shelving scheme
Item type Audio-Visual Materials

No copies available.

Cagayan State University University Library, Carig Campus
Tuguegarao City, Cagayan 3500 | www.csucarig.edu.ph

Powered by Koha